| 000 | 00421nam a2200181Ia 4500 | ||
|---|---|---|---|
| 005 | 20240823041333.0 | ||
| 008 | 240823s9999||||xx |||||||||||||| ||und|| | ||
| 041 | _aHINDI | ||
| 082 | _A294.555 Q2 | ||
| 100 | _aSwami Bhramananda | ||
| 245 | 0 | _aVivekanath Charit | |
| 250 | _a1st | ||
| 260 |
_c2012 _b"Ramakrishna Madh,N" |
||
| 500 | _aYES | ||
| 650 |
_aSwami Vivekananda _bGeneral |
||
| 942 | _cBK | ||
| 999 |
_c205260 _d205260 |
||